000 00649nam a2200205Ia 4500
003 GCL
008 140319s9999 xx 000 0 ara d
040 _aGCL /
_cGCL
082 0 4 _a323.4
_bا ا
100 1 _aاحمد عبدالمجيد
245 1 0 _aالاخوان وعبدالناصر : القصة الكاملة لتنظيم 1965 /
_cاحمد عبدالمجيد
260 _a[S.N] :
_bالزهراء للاعلام العربى ،
_c1991
300 _a424 ص
490 _a
650 0 4 _aمصر
650 0 4 _aتاريخ حديث
650 0 4 _aالاخوان المسلمون
650 0 4 _aجمال عبدالناصر
942 _2ddc
_cBK
999 _c52517
_d52517